| 000 | 01300naa a22002777a 4500 | ||
|---|---|---|---|
| 001 | BR8207043 | ||
| 003 | BR-BrBNA | ||
| 005 | 20240918175216.0 | ||
| 007 | ta | ||
| 008 | 230509b bl.||||| |||| 00| 0 por d | ||
| 040 |
_aBR-BrBNA _bpor _cBiblioteca Nacional de Agricultura |
||
| 041 | _a(Pt) | ||
| 072 |
_aF02 _b1126 |
||
| 090 | _aF02 BR8207043 | ||
| 100 | 1 | _aReinhardt, D.H.R.C. | |
| 111 | 1 |
_a1. Simposio Brasileiro sobre Abacaxicultura _cJaboticabal, SP (Brazil) _d29 Nov - 3 Dec 1982 |
|
| 245 | 1 | _aPropagacao do abacaxizeiro: metodo usual e por secoes do caule [Ananas comosus] | |
| 260 | 3 |
_aJabotical, SP (Brasil): _c1982. |
|
| 500 | _aRuggiero, C. (ed.) 1. Simposio Brasileiro sobre Abacaxicultura Jabotical, SP (Brasil): 1982. p. 47-59 (BR8207043-AM)F02 | ||
| 650 | _aABACAXI | ||
| 650 | _aREPRODUCAO VEGETAL | ||
| 650 | _aCAULE | ||
| 773 | 0 |
_t1. Simposio Brasileiro sobre Abacaxicultura _aRuggiero, C. (ed.). Faculdade de Ciencias Agrarias e Veterinarias "Campus" de Jaboticabal, SP (Brasil);Conselho Nacional de Desenvolvimento Cientifico e Tecnologico, Brasilia, DF (Brasil);Coordenacao do Aperfeicoamento de Pessoal de Nivel Superior, Brasilia, DF (Brasil) _wF02 BR8207043 _gJabotical, SP (Brasil), 1982. p. 47-59 |
|
| 909 |
_a202404 _bLucia _c55 _dLucia Elande |
||
| 942 |
_cAM _2AGRIS |
||
| 999 |
_c315621 _d315621 |
||